| 000 | 01233cab a2200217 4500 | ||
|---|---|---|---|
| 001 | ABS40027 | ||
| 008 | 090401t1988 xxu||||| |||| 00| 0 eng d | ||
| 035 | _a(Sirsi) u20794 | ||
| 041 | _aeng | ||
| 245 | _aOffices | ||
| 260 | _c1988 | ||
| 350 | _a0 | ||
| 490 |
_aChartered Surveyor Weekly _vSupplement 10 November 1988 (48) LOAN |
||
| 520 | _aA supplement looking at various aspects of the office market . The chairman of the Office Agents Society gives his personal view on the future of the market. The effect of rising contractor`s tender prices and VAT on the market is discussed and the cost of the uniform business rate is estimated. Reports on the problems caused by the expiry of temporary office consents in 1990 and considers whether London is becoming a unified office market. Reviews Scottish and North ern office activity and looks at some methods of financing new office development . Evaluates the latest trends in institutional investment and the implications for the office market of the single market and the opening of the Channel Tunnel . | ||
| 650 | _aEUROPE | ||
| 650 | _aFINANCIAL INSTITUTIONS | ||
| 650 | _aSCOTLAND | ||
| 690 | _aPROPERTY-COMMERCIAL PROPERTY | ||
| 942 | _n0 | ||
| 948 | _c04/03/1997 | ||
| 999 |
_c13934 _d13934 |
||